[Event "21. Copenhagen Open  (Politiken Cup)"]
[Site "Copenhagen"]
[Date "1999.07.05"]
[Round "3"]
[White "Schandorff, Lars"]
[Black "Auchenberg, Per"]
[Result "1-0"]
[WhiteElo "2514"]
[BlackElo "2054"]
[PlyCount "72"]
[EventDate "1999.07.03"]
[EventType "swiss"]
[EventRounds "11"]
[EventCountry "DEN"]
[SourceDate "2004.01.01"]

1. d4 f5 2. g3 Nf6 3. Bg2 g6 4. Nf3 Bg7 5. O-O O-O 6. b4 d6 7. Bb2 c6 8. c4 Na6
9. Qb3 Nc7 10. a4 h6 11. Nbd2 Kh7 12. b5 Bd7 13. Ne1 a6 14. bxc6 bxc6 15. Nd3
Rb8 16. Qc2 Ne6 17. e3 Qc7 18. c5 dxc5 19. dxc5 Nd5 20. Bxg7 Nxg7 21. Nc4 Nb4
22. Nxb4 Rxb4 23. Qc3 Rbb8 24. Qe5 Qd8 25. Rfd1 Qe8 26. Nb6 Be6 27. Rd3 Qf7 28.
Bxc6 Rbd8 29. Rad1 Rxd3 30. Rxd3 g5 31. Bd7 Ba2 32. c6 f4 33. exf4 gxf4 34.
Qxf4 Qxf4 35. gxf4 Rxf4 36. c7 Rg4+ 1-0

[Event "21. Copenhagen Open  (Politiken Cup)"]
[Site "Copenhagen"]
[Date "1999.07.05"]
[Round "3"]
[White "Schmidt, Horst Hubert"]
[Black "Jacobsen, Jesper Howalt"]
[Result "1-0"]
[WhiteElo "1672"]
[BlackElo "1180"]
[PlyCount "49"]
[EventDate "1999.07.03"]
[EventType "swiss"]
[EventRounds "11"]
[EventCountry "DEN"]
[SourceDate "2004.01.01"]

1. d4 Nf6 2. c4 e6 3. Nc3 c5 4. d5 d6 5. Bg5 Be7 6. Bf4 e5 7. Bg3 O-O 8. e4 Bg4
9. Be2 Bxe2 10. Ngxe2 Nbd7 11. O-O Ne8 12. f4 f6 13. Qd2 Nc7 14. Rad1 Nb6 15.
b3 a5 16. fxe5 fxe5 17. Rxf8+ Qxf8 18. Bxe5 dxe5 19. d6 Ne6 20. dxe7 Qxe7 21.
Qd6 Nc8 22. Qxe5 Qf6 23. Qd5 Rb8 24. Rf1 Qg5 25. Qxe6+ 1-0

[Event "21. Copenhagen Open  (Politiken Cup)"]
[Site "Copenhagen"]
[Date "1999.07.05"]
[Round "3"]
[White "Skare, Karl Andre"]
[Black "Lyrberg, Patrik"]
[Result "0-1"]
[WhiteElo "2164"]
[BlackElo "2395"]
[PlyCount "72"]
[EventDate "1999.07.03"]
[EventType "swiss"]
[EventRounds "11"]
[EventCountry "DEN"]
[SourceDate "2004.01.01"]

1. c4 Nf6 2. Nc3 g6 3. g3 Bg7 4. Bg2 O-O 5. Nf3 d6 6. O-O Nc6 7. d3 Bd7 8. Rb1
Qc8 9. b4 Bh3 10. a4 Bxg2 11. Kxg2 Ng4 12. Nd5 e6 13. Ne3 Nge5 14. b5 Ne7 15.
Nxe5 Bxe5 16. Bb2 Bxb2 17. Rxb2 f5 18. d4 f4 19. Nc2 e5 20. Qd3 a6 21. f3 h5
22. d5 Qd7 23. e4 g5 24. Nb4 Ng6 25. Qd1 Rf7 26. Nd3 b6 27. Rbf2 Raf8 28. Qd2
Kh7 29. Qe2 g4 30. Qd1 fxg3 31. hxg3 gxf3+ 32. Kh2 Qg4 33. Ne1 h4 34. Rxf3
hxg3+ 35. Kg1 Nf4 36. Nd3 Ne2+ 0-1

[Event "21. Copenhagen Open  (Politiken Cup)"]
[Site "Copenhagen"]
[Date "1999.07.05"]
[Round "3"]
[White "Skytte, Rasmus"]
[Black "Petersen, Steen"]
[Result "1/2-1/2"]
[WhiteElo "2338"]
[BlackElo "2166"]
[PlyCount "37"]
[EventDate "1999.07.03"]
[EventType "swiss"]
[EventRounds "11"]
[EventCountry "DEN"]
[SourceDate "2004.01.01"]

1. e4 e5 2. Bc4 Nf6 3. Nc3 Nc6 4. d3 Na5 5. Nge2 Nxc4 6. dxc4 Bc5 7. h3 d6 8.
Qd3 Be6 9. b3 c6 10. Bb2 O-O 11. Rd1 a6 12. O-O b5 13. cxb5 axb5 14. a4 b4 15.
Na2 Nd7 16. Ng3 d5 17. Nc1 Qh4 18. Nce2 g6 19. exd5 1/2-1/2

[Event "21. Copenhagen Open  (Politiken Cup)"]
[Site "Copenhagen"]
[Date "1999.07.05"]
[Round "3"]
[White "Steindorsson, Sigurour P"]
[Black "Sinkbaek, Aage"]
[Result "1/2-1/2"]
[WhiteElo "2052"]
[BlackElo "2232"]
[PlyCount "68"]
[EventDate "1999.07.03"]
[EventType "swiss"]
[EventRounds "11"]
[EventCountry "DEN"]
[SourceDate "2004.01.01"]

1. c4 Nf6 2. Nc3 g6 3. g3 Bg7 4. Bg2 O-O 5. e4 d6 6. Nge2 c6 7. O-O e5 8. d3
Be6 9. h3 Qd7 10. Kh2 Na6 11. f4 exf4 12. Bxf4 Ne8 13. Qd2 f5 14. Rae1 Nf6 15.
exf5 Bxf5 16. d4 Rae8 17. Ng1 d5 18. cxd5 Nxd5 19. Nxd5 cxd5 20. Nf3 Be4 21.
Ne5 Bxe5 22. Bxe5 Bxg2 23. Kxg2 Nb8 24. Rxf8+ Rxf8 25. Bxb8 Rxb8 26. Qg5 Rc8
27. Re2 Qf7 28. Qe3 Qf5 29. g4 Qf7 30. b3 b6 31. a4 Rf8 32. Rf2 Qxf2+ 33. Qxf2
Rxf2+ 34. Kxf2 g5 1/2-1/2

[Event "21. Copenhagen Open  (Politiken Cup)"]
[Site "Copenhagen"]
[Date "1999.07.05"]
[Round "3"]
[White "Sylvan, Jacob"]
[Black "Jonkman, Harmen"]
[Result "0-1"]
[WhiteElo "2271"]
[BlackElo "2421"]
[PlyCount "84"]
[EventDate "1999.07.03"]
[EventType "swiss"]
[EventRounds "11"]
[EventCountry "DEN"]
[SourceDate "2004.01.01"]

1. e4 e5 2. Nf3 Nc6 3. Bb5 Nf6 4. O-O Nxe4 5. d4 Nd6 6. Bxc6 dxc6 7. dxe5 Ne4
8. Qxd8+ Kxd8 9. Re1 Nc5 10. Nc3 Bg4 11. Nd4 Ne6 12. Nxe6+ Bxe6 13. Ne4 h6 14.
Ng3 Bb4 15. c3 Be7 16. Be3 a5 17. f4 g6 18. Ne4 b6 19. Kf2 Kc8 20. Kf3 h5 21.
h3 h4 22. Bf2 a4 23. Nf6 Ra5 24. Red1 Bxf6 25. exf6 Bd5+ 26. Kg4 Bxg2 27. Bxh4
Rah5 28. Bg3 Bxh3+ 29. Kf3 Be6 30. Rd4 b5 31. a3 Rf5 32. Re1 Rxf6 33. Re5 Rh5
34. Rxh5 gxh5 35. Bh4 Rg6 36. Rd8+ Kb7 37. Rh8 Bg4+ 38. Ke3 Re6+ 39. Kd4 Re2
40. Rh7 Kb6 41. Rh6 Bf5 42. Rxh5 c5+ 0-1

[Event "21. Copenhagen Open  (Politiken Cup)"]
[Site "Copenhagen"]
[Date "1999.07.05"]
[Round "3"]
[White "Trygstad, Kristian"]
[Black "Hansen, Anders"]
[Result "1-0"]
[WhiteElo "2227"]
[BlackElo "1937"]
[PlyCount "80"]
[EventDate "1999.07.03"]
[EventType "swiss"]
[EventRounds "11"]
[EventCountry "DEN"]
[SourceDate "2004.01.01"]

1. e4 e5 2. Nc3 Nf6 3. Bc4 Nxe4 4. Qh5 Nd6 5. Bb3 Nc6 6. Nb5 g6 7. Qf3 f5 8.
Qd5 Qe7 9. Nxc7+ Kd8 10. Nxa8 b6 11. d3 Bb7 12. h4 h6 13. Qf3 e4 14. Qe2 Nd4
15. Qe3 Bg7 16. f4 Re8 17. Kf1 exd3 18. Qxe7+ Rxe7 19. cxd3 Ba6 20. Rh3 Bf6 21.
Bd2 Ne4 22. Bc3 Nxc3 23. bxc3 Nc6 24. Ne2 Bb7 25. Nxb6 axb6 26. h5 Rg7 27. hxg6
Rxg6 28. Bd5 Kc7 29. Kf2 Bg7 30. Rd1 Rd6 31. Bf3 Ne7 32. Bxb7 Kxb7 33. d4 Nd5
34. c4 Nf6 35. d5 Ne4+ 36. Kg1 Rf6 37. Nd4 Rf8 38. Re3 Nc5 39. Re7 Bh8 40. Nb3
Kc7 1-0

[Event "21. Copenhagen Open  (Politiken Cup)"]
[Site "Copenhagen"]
[Date "1999.07.05"]
[Round "3"]
[White "Van Der Weide, Karel"]
[Black "Nilsson, Nils Specht"]
[Result "1-0"]
[WhiteElo "2434"]
[BlackElo "2194"]
[PlyCount "79"]
[EventDate "1999.07.03"]
[EventType "swiss"]
[EventRounds "11"]
[EventCountry "DEN"]
[SourceDate "2004.01.01"]

1. e4 c6 2. d4 g6 3. Nc3 Bg7 4. Nf3 d5 5. h3 Nf6 6. e5 Ne4 7. Bd3 Nxc3 8. bxc3
c5 9. dxc5 Nc6 10. Bf4 Qa5 11. Qd2 Qxc5 12. Rb1 e6 13. O-O O-O 14. Rfe1 b6 15.
Bh6 Bb7 16. h4 Rfc8 17. Bxg7 Kxg7 18. h5 Qe7 19. Qf4 Rg8 20. Re3 Raf8 21. Rbe1
Nd8 22. Qg3 Kh8 23. Qh3 g5 24. Nh2 f5 25. exf6 Rxf6 26. Ng4 Rf4 27. g3 Ra4 28.
h6 Bc8 29. Ne5 Bd7 30. c4 g4 31. Qh1 d4 32. Re4 Ra5 33. Rxd4 Be8 34. Re2 Nc6
35. Qe4 Rg6 36. Qe3 Rf6 37. Rxg4 Qb4 38. Qg5 Qf8 39. Qg7+ Qxg7 40. hxg7+ 1-0

[Event "21. Copenhagen Open  (Politiken Cup)"]
[Site "Copenhagen"]
[Date "1999.07.06"]
[Round "4"]
[White "Aagaard, Jacob"]
[Black "Olsen, Peter Erik"]
[Result "1-0"]
[WhiteElo "2403"]
[BlackElo "2248"]
[PlyCount "81"]
[EventDate "1999.07.03"]
[EventType "swiss"]
[EventRounds "11"]
[EventCountry "DEN"]
[SourceDate "2004.01.01"]

1. d4 Nf6 2. Nf3 c5 3. d5 b5 4. Bg5 d6 5. Bxf6 exf6 6. e4 b4 7. Nbd2 g6 8. Bb5+
Bd7 9. Bxd7+ Nxd7 10. Nc4 Nb6 11. Qd3 Nxc4 12. Qxc4 Bg7 13. O-O O-O 14. Rab1
Qd7 15. Qd3 Qa4 16. Nd2 Qxa2 17. Nc4 Qa6 18. Ra1 Qb5 19. Ra5 Qd7 20. Ra6 f5 21.
exf5 Qxf5 22. Qxf5 gxf5 23. Rfa1 Rfe8 24. Kf1 Bf8 25. f3 Re7 26. Re1 Rc7 27.
Re3 Rd8 28. b3 Rcd7 29. Re1 Bg7 30. Ne3 f4 31. Nf5 Be5 32. g3 Rc7 33. Re4 fxg3
34. hxg3 Bf6 35. Nxd6 Re7 36. Rxe7 Bxe7 37. Nf5 Kf8 38. Rxa7 Bd6 39. f4 Bb8 40.
Rb7 Bd6 41. Ke2 1-0

[Event "21. Copenhagen Open  (Politiken Cup)"]
[Site "Copenhagen"]
[Date "1999.07.06"]
[Round "4"]
[White "Al Saad, Mofid"]
[Black "Hansen, Erik Friberg"]
[Result "1-0"]
[WhiteElo "1323"]
[BlackElo "1028"]
[PlyCount "157"]
[EventDate "1999.07.03"]
[EventType "swiss"]
[EventRounds "11"]
[EventCountry "DEN"]
[SourceDate "2004.01.01"]

1. c4 e5 2. Nc3 Nf6 3. g3 Bc5 4. Bg2 a6 5. Nf3 d6 6. O-O O-O 7. d4 exd4 8. Nxd4
h6 9. Bf4 Re8 10. Qd3 c6 11. Nf5 Bxf5 12. Qxf5 Qd7 13. Qc2 Qe6 14. Rad1 Nh5 15.
Bc1 Qxc4 16. Qf5 Nf6 17. e4 Qe6 18. Qf4 Nbd7 19. Qh4 Qg4 20. Na4 Qxh4 21. gxh4
Re6 22. Nxc5 Nxc5 23. f3 Rd8 24. b4 Na4 25. Bh3 Re7 26. Rd3 Nh5 27. Kf2 d5 28.
Rg1 Kh7 29. f4 g6 30. e5 Ng7 31. Bg4 h5 32. Bd1 Nb6 33. a4 Nc8 34. Bb2 Nf5 35.
Bc2 Re6 36. Rg5 Rde8 37. Rd1 Nb6 38. Rxh5+ gxh5 39. Bxf5+ Kg7 40. Rg1+ Kf8 41.
Bxe6 Rxe6 42. f5 Rh6 43. Bc1 Rh7 44. a5 Nd7 45. Bb2 Ke7 46. Ke3 f6 47. Kf4 Rh6
48. exf6+ Nxf6 49. Kg5 Ng8 50. Bg7 Rd6 51. Be5 Rh6 52. Re1 Kf7 53. Bd4 Rh7 54.
Re6 Ne7 55. Bc5 Ng8 56. Rd6 Rg7+ 57. Kxh5 Nf6+ 58. Rxf6+ Kxf6 59. Bd4+ Kf7 60.
Bxg7 Kxg7 61. Kg5 d4 62. h5 d3 63. h6+ Kh7 64. f6 d2 65. f7 d1=Q 66. f8=Q Qd2+
67. Kg4 Qg2+ 68. Kh4 Qxh2+ 69. Kg4 Qe2+ 70. Qf3 Qxf3+ 71. Kxf3 Kxh6 72. Ke4 Kg6
73. Ke5 Kf7 74. Kd6 Kf6 75. Kc7 Ke5 76. Kxb7 Kd5 77. Kxa6 Kc4 78. Kb7 Kxb4 79.
a6 1-0

[Event "21. Copenhagen Open  (Politiken Cup)"]
[Site "Copenhagen"]
[Date "1999.07.06"]
[Round "4"]
[White "Arngrimsson, Dagur"]
[Black "Johansson, Thomas"]
[Result "0-1"]
[WhiteElo "1725"]
[BlackElo "2218"]
[PlyCount "114"]
[EventDate "1999.07.03"]
[EventType "swiss"]
[EventRounds "11"]
[EventCountry "DEN"]
[SourceDate "2004.01.01"]

1. e4 e6 2. d4 d5 3. Nc3 Bb4 4. e5 Bf8 5. Nf3 c5 6. Bd3 cxd4 7. Nxd4 Nc6 8.
Nxc6 bxc6 9. O-O Bc5 10. Qg4 g6 11. Kh1 Qc7 12. f4 h5 13. Qg3 Nh6 14. Na4 Be7
15. Be3 Qa5 16. Nc3 Ba6 17. Qf2 Bxd3 18. cxd3 c5 19. Bd2 Qa6 20. Qf3 Nf5 21.
Ne2 Rb8 22. b3 Kf8 23. Bc3 Kg7 24. Ng3 Nh4 25. Qe2 Qb5 26. Rf2 a5 27. Qc2 Rhc8
28. Raf1 d4 29. Bb2 Ra8 30. a4 Qb7 31. Rb1 Rab8 32. Ba3 Qd5 33. Ne4 Nf5 34. Bc1
h4 35. Qd1 Rd8 36. Rfb2 Ne3 37. Qe1 h3 38. g3 Rb4 39. Bd2 c4 40. Bxb4 Bxb4 41.
bxc4 Qxe4+ 42. dxe4 Bxe1 43. Rxe1 d3 44. Rd2 Nxc4 45. Rdd1 d2 46. Re2 Rd3 47.
Kg1 Kh6 48. g4 Kg7 49. Kf2 Kf8 50. Kg1 Ke7 51. Kf2 Kd7 52. f5 Kc6 53. fxg6 fxg6
54. Kg1 Kc5 55. Rf2 Kd4 56. Rf6 Ke3 57. Rxg6 Ke2 0-1

[Event "21. Copenhagen Open  (Politiken Cup)"]
[Site "Copenhagen"]
[Date "1999.07.06"]
[Round "4"]
[White "Auchenberg, Per"]
[Black "Dalso, Harry"]
[Result "1-0"]
[WhiteElo "2054"]
[BlackElo "1731"]
[PlyCount "77"]
[EventDate "1999.07.03"]
[EventType "swiss"]
[EventRounds "11"]
[EventCountry "DEN"]
[SourceDate "2004.01.01"]

1. f4 g6 2. Nf3 Bg7 3. e4 d5 4. e5 e6 5. d4 c5 6. dxc5 Qa5+ 7. Nc3 Qxc5 8. Nb5
Bf8 9. c3 Bd7 10. Qb3 Bxb5 11. Bxb5+ Nc6 12. Nd4 Qb6 13. Bxc6+ bxc6 14. Qxb6
axb6 15. Nxc6 Nh6 16. Ke2 Nf5 17. g4 Ng7 18. Nd4 h5 19. g5 Bc5 20. Nb5 O-O 21.
b4 Be7 22. Be3 Rfb8 23. a4 Nf5 24. Bf2 Rb7 25. Kd3 Rc8 26. Ra3 Rc4 27. Nd4 Nxd4
28. Bxd4 Kf8 29. Rha1 Bd8 30. a5 b5 31. a6 Rb8 32. a7 Ra8 33. Ra6 Ke8 34. Bb6
Rc6 35. Bxd8 Rxa6 36. Rxa6 Kxd8 37. Kd4 Kc7 38. Kc5 Kb7 39. Kxb5 1-0

[Event "21. Copenhagen Open  (Politiken Cup)"]
[Site "Copenhagen"]
[Date "1999.07.06"]
[Round "4"]
[White "Bekker Jensen, Simon"]
[Black "Hardarson, Robert"]
[Result "1-0"]
[WhiteElo "2436"]
[BlackElo "2331"]
[PlyCount "49"]
[EventDate "1999.07.03"]
[EventType "swiss"]
[EventRounds "11"]
[EventCountry "DEN"]
[SourceDate "2004.01.01"]

1. d4 Nf6 2. c4 c5 3. d5 b5 4. cxb5 a6 5. bxa6 Bxa6 6. Nc3 d6 7. e4 Bxf1 8.
Kxf1 g6 9. Nf3 Bg7 10. g3 O-O 11. Kg2 Nbd7 12. Re1 Ng4 13. Nd2 Nge5 14. Qe2 Nb6
15. f4 Ned7 16. a4 Qc8 17. a5 Qa6 18. Ra3 Nc8 19. Qxa6 Rxa6 20. Nc4 Na7 21. Rb3
Rb8 22. Rxb8+ Nxb8 23. e5 Kf8 24. Be3 Nd7 25. Bf2 1-0

[Event "21. Copenhagen Open  (Politiken Cup)"]
[Site "Copenhagen"]
[Date "1999.07.06"]
[Round "4"]
[White "Berg, Olaf"]
[Black "Jensen, Jan Kargaard"]
[Result "1-0"]
[WhiteElo "1530"]
[BlackElo "1740"]
[PlyCount "89"]
[EventDate "1999.07.03"]
[EventType "swiss"]
[EventRounds "11"]
[EventCountry "DEN"]
[SourceDate "2004.01.01"]

1. e4 e6 2. d4 d5 3. exd5 exd5 4. Bd3 Bd6 5. c3 Ne7 6. h3 Nbc6 7. Nf3 Bf5 8.
O-O O-O 9. Re1 Bxd3 10. Qxd3 Qd7 11. Nbd2 Rae8 12. Nf1 Ng6 13. Bd2 Nd8 14. Rxe8
Rxe8 15. Re1 Rxe1 16. Nxe1 Qe6 17. Qf3 c6 18. Qh5 Qe4 19. Qd1 Bf4 20. g3 Bxd2
21. Qxd2 f5 22. Nd3 Ne6 23. f4 Qf3 24. Qe1 Qe4 25. Qxe4 dxe4 26. Ne5 Nxe5 27.
fxe5 Kf7 28. Ne3 f4 29. Nf5 fxg3 30. Nd6+ Ke7 31. Nxe4 Nf4 32. Nxg3 Nxh3+ 33.
Kg2 Nf4+ 34. Kf3 Nd3 35. Ke4 Nxb2 36. Nf5+ Ke6 37. Nxg7+ Ke7 38. Kf5 Nd1 39. e6
Nxc3 40. Ke5 Nd5 41. Nf5+ Kd8 42. Kd6 Ke8 43. e7 Nf6 44. Ke6 Nh5 45. Nd6# 1-0

[Event "21. Copenhagen Open  (Politiken Cup)"]
[Site "Copenhagen"]
[Date "1999.07.06"]
[Round "4"]
[White "Bering, Anders"]
[Black "Lund, Thomas"]
[Result "1-0"]
[WhiteElo "2007"]
[BlackElo "1691"]
[PlyCount "69"]
[EventDate "1999.07.03"]
[EventType "swiss"]
[EventRounds "11"]
[EventCountry "DEN"]
[SourceDate "2004.01.01"]

1. e4 c5 2. Nf3 Nc6 3. d4 cxd4 4. Nxd4 g6 5. Nc3 Bg7 6. Be3 Nf6 7. Bc4 Qa5 8.
O-O O-O 9. Nb3 Qc7 10. Bg5 a6 11. f4 b5 12. Bd5 Nxd5 13. Nxd5 Qa7+ 14. Kh1 f6
15. Bh4 e6 16. Bf2 Qb8 17. Nb6 Ra7 18. Nxc8 Rxc8 19. Bxa7 Qxa7 20. c3 Bf8 21.
f5 Ne5 22. fxg6 hxg6 23. Rxf6 Kg7 24. Rf1 Be7 25. Qe2 Rh8 26. Nc1 Qb8 27. h3
Nf7 28. Nd3 Ng5 29. Qg4 Qd6 30. Rad1 Bd8 31. Ne5 Qxe5 32. Rxd7+ Kg8 33. Rxd8+
Kg7 34. Rd7+ Kg8 35. Qf4 1-0

[Event "21. Copenhagen Open  (Politiken Cup)"]
[Site "Copenhagen"]
[Date "1999.07.06"]
[Round "4"]
[White "Bjarnason, Larus H"]
[Black "Rasmussen, Henning"]
[Result "1-0"]
[WhiteElo "1550"]
[BlackElo "1802"]
[PlyCount "111"]
[EventDate "1999.07.03"]
[EventType "swiss"]
[EventRounds "11"]
[EventCountry "DEN"]
[SourceDate "2004.01.01"]

1. d4 Nf6 2. c4 g6 3. Nc3 Bg7 4. e4 d6 5. f3 O-O 6. Be3 e5 7. d5 Nh5 8. Qd2 f5
9. Bd3 f4 10. Bf2 Nd7 11. Nge2 Nc5 12. Bc2 a5 13. O-O b6 14. a3 Bd7 15. b4 Nb7
16. Qd3 g5 17. Na4 Nf6 18. c5 Bxa4 19. Bxa4 bxc5 20. Bc6 Qc8 21. Bxb7 Qxb7 22.
bxc5 dxc5 23. Bxc5 Rfe8 24. a4 Nd7 25. Bf2 Bf8 26. Rfc1 Reb8 27. Rab1 Qc8 28.
Qc4 Bd6 29. Nc3 Rxb1 30. Rxb1 Rb8 31. Nb5 Kg7 32. Rc1 Nb6 33. Bxb6 Rxb6 34.
Nxd6 Rxd6 35. Qxc7+ Qxc7 36. Rxc7+ Kf8 37. Ra7 Rb6 38. g3 Rb1+ 39. Kg2 Rb2+ 40.
Kh3 fxg3 41. hxg3 h5 42. Rxa5 Rb3 43. d6 Rxf3 44. Rxe5 h4 45. Rxg5 Rd3 46. e5
hxg3 47. Rxg3 Rd4 48. Rg4 Rd5 49. Re4 Ke8 50. Kg4 Rd1 51. Kf5 Kd7 52. e6+ Kxd6
53. e7 Rf1+ 54. Kg4 Rg1+ 55. Kf3 Rf1+ 56. Kg2 1-0

[Event "21. Copenhagen Open  (Politiken Cup)"]
[Site "Copenhagen"]
[Date "1999.07.06"]
[Round "4"]
[White "Bogdanov, Dimitri"]
[Black "Brinck Claussen, Bjorn"]
[Result "0-1"]
[WhiteElo "2175"]
[BlackElo "2354"]
[PlyCount "78"]
[EventDate "1999.07.03"]
[EventType "swiss"]
[EventRounds "11"]
[EventCountry "DEN"]
[SourceDate "2004.01.01"]

1. e4 e6 2. Qe2 Be7 3. Nf3 d5 4. e5 Nh6 5. g3 f5 6. d4 Nf7 7. h4 c5 8. dxc5 Na6
9. Be3 Qc7 10. Bg2 Nxc5 11. Bd4 O-O 12. O-O Bd7 13. Re1 b5 14. Nbd2 a5 15. Bxc5
Qxc5 16. Nb3 Qb6 17. Nbd4 Nd8 18. Qd2 Nb7 19. Rad1 Nc5 20. Qf4 b4 21. Bf1 a4
22. Re3 Ne4 23. Rdd3 a3 24. bxa3 Rxa3 25. Rxa3 bxa3 26. Rb3 Qa7 27. Kg2 Rc8 28.
Qe3 Qc7 29. Ba6 Rb8 30. Rxb8+ Qxb8 31. Qb3 Qa7 32. Bb5 Bc8 33. c4 Bc5 34. Qd3
g6 35. cxd5 exd5 36. Nc6 Qb6 37. Qxd5+ Kg7 38. Bc4 Qb2 39. Kh3 Qxf2 0-1

[Event "21. Copenhagen Open  (Politiken Cup)"]
[Site "Copenhagen"]
[Date "1999.07.06"]
[Round "4"]
[White "Bosch, Jeroen"]
[Black "Bekker Jensen, David"]
[Result "1/2-1/2"]
[WhiteElo "2433"]
[BlackElo "2264"]
[PlyCount "98"]
[EventDate "1999.07.03"]
[EventType "swiss"]
[EventRounds "11"]
[EventCountry "DEN"]
[SourceDate "2004.01.01"]

1. e4 c5 2. Nf3 d6 3. d4 Nf6 4. Nc3 cxd4 5. Nxd4 a6 6. a4 Qc7 7. g3 e5 8. Nde2
Be7 9. Bg2 b6 10. h3 h5 11. Be3 Nbd7 12. O-O Bb7 13. Nd5 Bxd5 14. exd5 O-O 15.
Nc1 b5 16. axb5 axb5 17. Rxa8 Rxa8 18. Nd3 Qc4 19. c3 Bd8 20. Nb4 Bb6 21. Bxb6
Nxb6 22. Re1 Re8 23. Bf1 Qc5 24. Na6 Qc8 25. Bxb5 Rf8 26. Nb4 Qxh3 27. Bf1 Qf5
28. Bg2 e4 29. Qd4 Nbxd5 30. Nxd5 Qxd5 31. Qxd5 Nxd5 32. Rxe4 Nf6 33. Rd4 Rb8
34. b4 Rb6 35. Rc4 Kf8 36. Rc8+ Ke7 37. Bc6 Ke6 38. b5 Nd5 39. Re8+ Ne7 40. c4
Kf6 41. Ba8 d5 42. cxd5 Rd6 43. Rb8 Nxd5 44. Bxd5 Rxd5 45. Kf1 g5 46. b6 Rb5
47. Ke2 h4 48. gxh4 gxh4 49. Kf3 Kf5 1/2-1/2

[Event "21. Copenhagen Open  (Politiken Cup)"]
[Site "Copenhagen"]
[Date "1999.07.06"]
[Round "4"]
[White "Backlund, Anders"]
[Black "Dongart, Dennis"]
[Result "1/2-1/2"]
[WhiteElo "2265"]
[BlackElo "2095"]
[PlyCount "59"]
[EventDate "1999.07.03"]
[EventType "swiss"]
[EventRounds "11"]
[EventCountry "DEN"]
[SourceDate "2004.01.01"]

1. e4 c6 2. d4 d5 3. exd5 cxd5 4. c4 Nf6 5. Nc3 e6 6. Nf3 Nc6 7. cxd5 Nxd5 8.
Bd3 Be7 9. O-O O-O 10. Re1 Bf6 11. Be4 Nce7 12. Qd3 Kh8 13. Ne5 g6 14. Qf3 Kg8
15. Bh6 Bg7 16. Bxg7 Kxg7 17. h4 Nf6 18. Bxb7 Bxb7 19. Qxb7 Nf5 20. Rad1 Nxh4
21. g3 Nf5 22. d5 Rb8 23. Qxa7 exd5 24. Qa3 Qb6 25. Nxd5 Nxd5 26. Nd7 Qxb2 27.
Qxb2+ Rxb2 28. Nxf8 Nf6 29. Nd7 Ng4 30. Rf1 1/2-1/2

[Event "21. Copenhagen Open  (Politiken Cup)"]
[Site "Copenhagen"]
[Date "1999.07.06"]
[Round "4"]
[White "Baekgaard, Martin"]
[Black "Skare, Karl Andre"]
[Result "1-0"]
[WhiteElo "2055"]
[BlackElo "2164"]
[PlyCount "79"]
[EventDate "1999.07.03"]
[EventType "swiss"]
[EventRounds "11"]
[EventCountry "DEN"]
[SourceDate "2004.01.01"]

1. d4 d5 2. c4 e6 3. Nc3 Nf6 4. cxd5 exd5 5. Bg5 Be7 6. e3 Nbd7 7. Bd3 c6 8.
Qc2 O-O 9. Nf3 Re8 10. O-O Nf8 11. h3 Ne4 12. Bf4 Nxc3 13. bxc3 Bd6 14. Bxd6
Qxd6 15. Rab1 b6 16. Rfc1 Be6 17. c4 dxc4 18. Bxc4 Rac8 19. Ba6 Rc7 20. Ne5 c5
21. Qa4 Bd7 22. Nxd7 Nxd7 23. Bb5 Re7 24. Bxd7 Rexd7 25. dxc5 Qf8 26. cxb6 axb6
27. Rxc7 Rxc7 28. Rxb6 h6 29. Qe4 Qc8 30. Kh2 Ra7 31. Qb1 Qc7+ 32. g3 Ra8 33.
Rb7 Qe5 34. Qb3 Qf5 35. Qb2 Kh7 36. Rb4 Qd5 37. a4 Qd1 38. Qe5 Ra7 39. Qe4+ g6
40. Rb7 1-0

[Event "21. Copenhagen Open  (Politiken Cup)"]
[Site "Copenhagen"]
[Date "1999.07.06"]
[Round "4"]
[White "Clausen, Mikkel"]
[Black "Ingolfsdottir, Harpa"]
[Result "1/2-1/2"]
[WhiteElo "1787"]
[BlackElo "1495"]
[PlyCount "94"]
[EventDate "1999.07.03"]
[EventType "swiss"]
[EventRounds "11"]
[EventCountry "DEN"]
[SourceDate "2004.01.01"]

1. e4 e6 2. d4 d5 3. exd5 exd5 4. c4 Nf6 5. Bd3 c5 6. Be3 cxd4 7. Bxd4 Be6 8.
cxd5 Nxd5 9. Be4 Nc6 10. Ne2 Bb4+ 11. Bc3 O-O 12. O-O Qg5 13. Qc2 h6 14. a3 Bd6
15. Bd2 Bxh2+ 16. Kxh2 Qh5+ 17. Kg1 Qxe2 18. Re1 Qb5 19. a4 Qb6 20. Ra3 Rac8
21. Rg3 Nce7 22. Bxh6 Ng6 23. Qd1 Nde7 24. Be3 Qxb2 25. Qh5 Qe5 26. Bxg6 Nxg6
27. Qxe5 Nxe5 28. Bxa7 Ng6 29. a5 Rc2 30. Bb6 Rfc8 31. Na3 R2c6 32. Nb5 Rc1 33.
Rge3 Nf4 34. Nd6 Rxe1+ 35. Rxe1 Rb8 36. Bc7 Ra8 37. Nxb7 Nd5 38. Bb6 Nxb6 39.
axb6 Rb8 40. Nc5 Rxb6 41. Nxe6 Rxe6 42. Rxe6 fxe6 43. Kh2 Kf7 44. Kg3 e5 45.
Kf3 Kf6 46. Ke4 Ke6 47. g3 Kf6 1/2-1/2

[Event "21. Copenhagen Open  (Politiken Cup)"]
[Site "Copenhagen"]
[Date "1999.07.06"]
[Round "4"]
[White "Coleman, David"]
[Black "Bekker Jensen, Anne"]
[Result "1-0"]
[WhiteElo "2240"]
[BlackElo "2074"]
[PlyCount "75"]
[EventDate "1999.07.03"]
[EventType "swiss"]
[EventRounds "11"]
[EventCountry "DEN"]
[SourceDate "2004.01.01"]

1. e4 c5 2. Nf3 d6 3. d4 cxd4 4. Nxd4 Nf6 5. Nc3 a6 6. Bc4 e6 7. O-O b5 8. Bb3
b4 9. Na4 Bd7 10. f4 Nc6 11. c3 Rb8 12. Bc2 Be7 13. Nf3 Qc7 14. Kh1 Rb5 15. c4
Rb7 16. b3 Na5 17. Nb2 Bc6 18. Qe2 Nd7 19. Nd3 O-O 20. Bd2 Qb8 21. Qe1 Bf6 22.
Rd1 Rb6 23. Bxb4 Nb7 24. e5 Be7 25. Nd4 Qc7 26. exd6 Bxd6 27. Nxc6 Rxc6 28. Bc3
Rd8 29. Qg3 Bf8 30. Qh4 g6 31. Ne5 Nxe5 32. Bxe5 Rxd1 33. Rxd1 Be7 34. Qh6 Bf8
35. Qg5 Be7 36. Bxc7 Bxg5 37. Be5 Bh6 38. Be4 1-0

[Event "21. Copenhagen Open  (Politiken Cup)"]
[Site "Copenhagen"]
[Date "1999.07.06"]
[Round "4"]
[White "Damgaard, Sven"]
[Black "Hjortskov, Kjeld"]
[Result "1-0"]
[WhiteElo "1939"]
[BlackElo "1655"]
[PlyCount "77"]
[EventDate "1999.07.03"]
[EventType "swiss"]
[EventRounds "11"]
[EventCountry "DEN"]
[SourceDate "2004.01.01"]

1. d4 d5 2. Nf3 Nf6 3. c3 Nbd7 4. Bg5 Ne4 5. Bh4 h6 6. Nfd2 Nef6 7. f3 e5 8. e4
Be7 9. dxe5 Nxe5 10. Bg3 Ned7 11. e5 Nh5 12. f4 Nxg3 13. hxg3 Nb6 14. Bd3 g6
15. Nb3 c5 16. Bc2 Be6 17. N1d2 Qc7 18. Qe2 a5 19. a4 Bd7 20. Nf3 O-O-O 21. O-O
Bf5 22. Rfc1 Nc4 23. Nbd2 Nxd2 24. Qxd2 Qb6 25. Kh2 Kb8 26. Bxf5 gxf5 27. Rd1
h5 28. Qf2 Rhg8 29. Rd2 d4 30. cxd4 cxd4 31. Rad1 Qh6 32. Rxd4 Rxd4 33. Nxd4 h4
34. g4 fxg4 35. Qd2 Bb4 36. Nf5 g3+ 37. Kh1 Bxd2 38. Nxh6 Bxf4 39. Nxg8 1-0